[Event "Titled Tuesday intern op 17th Sep Late"]
[Site "Chess,com INT"]
[Date "2024.09.17"]
[Round "11"]
[White "Ellenbogen, Michael J"]
[Black "Xie, Irene"]
[Result "1-0"]
[WhiteElo "2010"]
[BlackElo "1852"]
[PlyCount "89"]
[EventDate "2024.09.17"]
[EventType "swiss (blitz)"]
[EventRounds "11"]
[EventCountry "USA"]
[SourceTitle "EXT 2025"]
[Source "ChessBase"]
[SourceDate "2024.10.14"]
[SourceVersion "1"]
[SourceVersionDate "2024.10.14"]
[SourceQuality "1"]

1. c4 Nf6 2. g3 g6 3. Bg2 Bg7 4. Nc3 0-0 5. d3 c6 6. Bg5 e6 7. c5 d5 8. cxd6 Qxd6 9. Qd2 Nbd7 10. Bh6 b6 11. h4 Bb7 12. h5 Nxh5 13. g4 Nhf6 14. Bxg7 Kxg7 15. Qh6+ Kg8 16. Nf3 Rfd8 17. Ng5 Qf8 18. Qh4 Qg7 19. 0-0-0 h6 20. Qxh6 Qxh6 21. Rxh6 Nxg4 22. Rh4 Ngf6 23. Rdh1 Kf8 24. e4 e5 25. f4 Ke7 26. Rf1 Ba6 27. Kc2 Rh8 28. Rxh8 Rxh8 29. Nf3 exf4 30. Nd4 Ne5 31. Rxf4 Bxd3+ 32. Kb3 Ba6 33. Rf2 c5 34. Ndb5 Bxb5 35. Nxb5 a6 36. Nc7 a5 37. Ka4 Rc8 38. Nb5 Nfd7 39. Nc3 Rc6 40. Nd5+ Kd6 41. Bh3 c4 42. Bxd7 Kxd7 43. Nf6+ Ke7 44. Nd5+ Kd7 45. Kb5 1-0

[Event "US Masters op"]
[Site "Charlotte"]
[Date "2022.11.23"]
[Round "1"]
[White "Kavutskiy, Konstantin"]
[Black "Ellenbogen, Michael J"]
[Result "1-0"]
[WhiteElo "2383"]
[BlackElo "2019"]
[PlyCount "45"]
[EventDate "2022.11.23"]
[EventType "swiss"]
[EventRounds "9"]
[EventCountry "USA"]
[SourceTitle "CBM 211 Extra"]
[Source "ChessBase"]
[SourceDate "2023.01.31"]
[SourceVersion "1"]
[SourceVersionDate "2023.01.31"]
[SourceQuality "1"]

1. d4 e6 2. c4 Nf6 3. Nf3 d5 4. Nc3 Be7 5. Bf4 0-0 6. e3 b6 7. Bd3 dxc4 8. Bxc4 Bb7 9. 0-0 Nbd7 10. Qe2 Nh5 11. Be5 c5 12. Rfd1 Qc8 13. d5 Nxe5 14. Nxe5 g6 15. dxe6 fxe6 16. Rd7 Bf6 17. Bxe6+ Kh8 18. Rxh7+ Kxh7 19. Bxc8 Bxc8 20. f4 Be6 21. Ne4 Bd5 22. Nd6 Ng7 23. Nd7 1-0

[Event "Titled Tuesday intern op 18th Jan"]
[Site "Chess.com INT"]
[Date "2022.01.18"]
[Round "2"]
[White "Ellenbogen, Michael J"]
[Black "Boehmer, Christian"]
[Result "1-0"]
[WhiteElo "2019"]
[BlackElo "2176"]
[PlyCount "103"]
[EventDate "2022.01.18"]
[EventType "swiss (blitz)"]
[EventRounds "11"]
[EventCountry "USA"]
[SourceTitle "CBM 206 Extra"]
[Source "ChessBase"]
[SourceDate "2022.03.31"]
[SourceVersion "1"]
[SourceVersionDate "2022.03.31"]
[SourceQuality "1"]

1. c4 Nf6 2. g3 e6 3. Bg2 c5 4. Nf3 Be7 5. d4 cxd4 6. Nxd4 a6 7. 0-0 0-0 8. Nc3 Qc7 9. Qd3 d6 10. b3 Nbd7 11. Bb2 Ne5 12. Qd2 Bd7 13. e3 Rac8 14. Rac1 Rfe8 15. Qe2 Qb8 16. Rfd1 Nc6 17. Nc2 Ne5 18. Rd2 Bc6 19. f4 Ned7 20. e4 b5 21. Nd4 b4 22. Nxc6 Rxc6 23. Na4 e5 24. Rcd1 Nc5 25. Nxc5 Rxc5 26. f5 a5 27. Bf3 h6 28. Kg2 Qb6 29. g4 Rec8 30. h4 Nh7 31. Qf2 Qd8 32. Kh3 a4 33. Qg2 Bxh4 34. Rxd6 Qg5 35. Bc1 Qe7 36. Rd7 Ng5+ 37. Kxh4 Qf6 38. Bxg5 Qxg5+ 39. Kh3 axb3 40. axb3 Ra8 41. R1d2 Ra1 42. Rd8+ Kh7 43. R8d7 Rca5 44. Rd1 R1a2 45. R7d2 Rxd2 46. Qxd2 Qf6 47. Kg2 Qa6 48. Rc1 Ra2 49. Rc2 Ra1 50. Be2 Qb6 51. c5 Qb8 52. c6 1-0

[Event "Titled Tuesday intern op 18th Jan"]
[Site "Chess.com INT"]
[Date "2022.01.18"]
[Round "4"]
[White "Ellenbogen, Michael J"]
[Black "Ruiz Aguilar, Pablo Alexander"]
[Result "1-0"]
[WhiteElo "2019"]
[BlackElo "2171"]
[PlyCount "95"]
[EventDate "2022.01.18"]
[EventType "swiss (blitz)"]
[EventRounds "11"]
[EventCountry "USA"]
[SourceTitle "CBM 206 Extra"]
[Source "ChessBase"]
[SourceDate "2022.03.31"]
[SourceVersion "1"]
[SourceVersionDate "2022.03.31"]
[SourceQuality "1"]

1. c4 c6 2. g3 d5 3. Nf3 Nf6 4. Bg2 e6 5. 0-0 Nbd7 6. b3 Bd6 7. d4 Qe7 8. Bb2 0-0 9. Nc3 Ba3 10. Bxa3 Qxa3 11. h4 Qe7 12. Qc2 Rd8 13. e4 dxe4 14. Nxe4 Nxe4 15. Qxe4 Nf6 16. Qf4 a5 17. Ne5 a4 18. Rfd1 Bd7 19. b4 Be8 20. a3 Nd7 21. Nd3 Nf6 22. g4 Qd6 23. Qxd6 Rxd6 24. Nc5 Ra7 25. g5 Nh5 26. d5 cxd5 27. cxd5 b6 28. dxe6 bxc5 29. Rxd6 fxe6 30. bxc5 Nf4 31. c6 Rc7 32. Rc1 Ne2+ 33. Kh2 Nxc1 34. Rd8 Kf8 35. Ra8 Ke7 36. Rxa4 Bxc6 37. Rc4 Kd6 38. Rxc1 Bxg2 39. Rxc7 Kxc7 40. Kxg2 Kb6 41. Kf3 Kc5 42. Ke4 Kc4 43. Ke5 Kb3 44. Kxe6 Kxa3 45. f4 Kb3 46. f5 Kc4 47. f6 gxf6 48. gxf6 1-0

[Event "Titled Tuesday intern op 26th Jan"]
[Site "Chess.com INT"]
[Date "2021.01.26"]
[Round "2"]
[White "Ellenbogen, Michael J"]
[Black "Liang, Jason"]
[Result "1-0"]
[WhiteElo "2019"]
[BlackElo "2345"]
[PlyCount "173"]
[EventDate "2021.01.26"]
[EventType "swiss (blitz)"]
[EventRounds "11"]
[EventCountry "USA"]
[SourceTitle "CBM 200 Extra"]
[Source "ChessBase"]
[SourceDate "2021.03.31"]
[SourceVersion "1"]
[SourceVersionDate "2021.03.31"]
[SourceQuality "1"]

1. c4 c5 2. g3 g6 3. Bg2 Bg7 4. Nc3 d6 5. Nf3 Nc6 6. d3 e5 7. Bg5 f6 8. Bd2 Nge7 9. Qb3 0-0 10. 0-0 Rb8 11. Rfd1 Be6 12. Qa4 h6 13. Rac1 a6 14. a3 b5 15. cxb5 axb5 16. Qc2 b4 17. axb4 Nxb4 18. Qb1 Bb3 19. Re1 f5 20. Be3 Qb6 21. Nd2 Be6 22. Nc4 Qa6 23. Red1 Rbc8 24. Qa1 d5 25. Qxa6 Nxa6 26. Nb6 Rcd8 27. Ra1 d4 28. Rxa6 dxe3 29. fxe3 e4 30. dxe4 Bxc3 31. Rxd8 Rxd8 32. bxc3 Rd1+ 33. Kf2 fxe4 34. Bxe4 Bh3 35. Bg2 Bxg2 36. Kxg2 Nf5 37. Nc4 Rc1 38. e4 Ne7 39. Ne5 Rxc3 40. Nxg6 Nxg6 41. Rxg6+ Kh7 42. Rc6 Kg7 43. e5 c4 44. h4 Re3 45. Rc7+ Kg6 46. Kf2 Rxe5 47. Rxc4 Rf5+ 48. Rf4 Re5 49. Kf3 h5 50. e3 Re6 51. Re4 Rf6+ 52. Ke2 Rd6 53. Rd4 Re6 54. Kd3 Kf6 55. e4 Ke5 56. Rd5+ Kf6 57. Rxh5 Rd6+ 58. Ke3 Ra6 59. Kf4 Ra2 60. Rh6+ Kg7 61. Re6 Rf2+ 62. Kg5 Rg2 63. g4 Re2 64. Re7+ Kf8 65. Re5 Kg7 66. Rf5 Rxe4 67. h5 Re6 68. Rb5 Ra6 69. Rb7+ Kg8 70. Re7 Ra5+ 71. Kf6 Ra6+ 72. Re6 Ra4 73. g5 Rf4+ 74. Kg6 Rf7 75. Re8+ Rf8 76. Rxf8+ Kxf8 77. Kh7 Kf7 78. g6+ Kf6 79. g7 Kg5 80. g8Q+ Kxh5 81. Qg6+ Kh4 82. Kg7 Kh3 83. Kf6 Kh2 84. Kf5 Kh1 85. Kf4 Kh2 86. Kf3 Kh1 87. Qg2# 1-0

[Event "Titled Tuesday intern op 26th Jan"]
[Site "Chess.com INT"]
[Date "2021.01.26"]
[Round "4"]
[White "Ellenbogen, Michael J"]
[Black "Ozer, Omer Faruk"]
[Result "1-0"]
[WhiteElo "2019"]
[BlackElo "2317"]
[PlyCount "89"]
[EventDate "2021.01.26"]
[EventType "swiss (blitz)"]
[EventRounds "11"]
[EventCountry "USA"]
[SourceTitle "CBM 200 Extra"]
[Source "ChessBase"]
[SourceDate "2021.03.31"]
[SourceVersion "1"]
[SourceVersionDate "2021.03.31"]
[SourceQuality "1"]

1. c4 e5 2. g3 Nc6 3. Bg2 Bc5 4. Nc3 d6 5. e3 h5 6. h4 a6 7. Nge2 Nge7 8. a3 Ba7 9. 0-0 Bg4 10. b4 Qd7 11. Kh2 g5 12. f3 Be6 13. Ne4 Ng8 14. Nxg5 Bxc4 15. d3 Be6 16. Nxe6 fxe6 17. Bb2 Nge7 18. d4 Nf5 19. Qd3 exd4 20. Nxd4 Ncxd4 21. exd4 0-0-0 22. Rac1 Rhg8 23. Bh3 d5 24. Rg1 c6 25. f4 Bb8 26. Rce1 Rdf8 27. a4 Bd6 28. b5 axb5 29. axb5 cxb5 30. Qe2 Rf6 31. Rg2 Nxg3 32. Bxe6 Nxe2 33. Rxg8+ Kc7 34. Bxd7 Nxf4 35. Bxb5 Nd3+ 36. Re5 Rf2+ 37. Kg1 Rxb2 38. Rg7+ Kb6 39. Bxd3 Rd2 40. Bf1 Rxd4 41. Re1 Bc5 42. Rb1+ Ka5 43. Kh1 b6 44. Rb5+ Ka4 45. Ra7# 1-0

[Event "Titled Tuesday intern op 26th Jan"]
[Site "Chess.com INT"]
[Date "2021.01.26"]
[Round "5"]
[White "Kislinsky, Alexey"]
[Black "Ellenbogen, Michael J"]
[Result "0-1"]
[WhiteElo "2463"]
[BlackElo "2019"]
[PlyCount "78"]
[EventDate "2021.01.26"]
[EventType "swiss (blitz)"]
[EventRounds "11"]
[EventCountry "USA"]
[SourceTitle "CBM 200 Extra"]
[Source "ChessBase"]
[SourceDate "2021.03.31"]
[SourceVersion "1"]
[SourceVersionDate "2021.03.31"]
[SourceQuality "1"]

1. e4 e6 2. d4 d5 3. Nd2 Nf6 4. e5 Nfd7 5. c3 c5 6. Ngf3 Nc6 7. Bd3 g6 8. h4 Rg8 9. Bc2 cxd4 10. cxd4 Be7 11. a3 f6 12. exf6 Nxf6 13. Nb1 Ne4 14. Nc3 Nxc3 15. bxc3 b6 16. h5 Ba6 17. hxg6 hxg6 18. Bxg6+ Rxg6 19. Qa4 Bb7 20. Ne5 Rg8 21. Rh7 Qc8 22. Bf4 a6 23. Kd2 b5 24. Qd1 Nxe5 25. Bxe5 Kd8 26. Qh5 Qd7 27. Rh1 Qe8 28. Qh6 Qg6 29. Qxg6 Rxg6 30. Rxe7 Kxe7 31. Rh7+ Kf8 32. Rxb7 Rxg2 33. Bg3 Rg1 34. Rh7 Kg8 35. Re7 Ra1 36. Bd6 Rd8 37. Bc5 Rf8 38. Ke2 Ra2+ 39. Ke3 Raxf2 0-1

[Event "Titled Tuesday intern op 27th Oct"]
[Site "Chess.com INT"]
[Date "2020.10.27"]
[Round "2"]
[White "Ellenbogen, Michael J"]
[Black "Li, Hui"]
[Result "1-0"]
[WhiteElo "2019"]
[BlackElo "1985"]
[PlyCount "67"]
[EventDate "2020.10.27"]
[EventType "swiss (blitz)"]
[EventRounds "11"]
[EventCountry "USA"]
[SourceTitle "CBM 199 Extra"]
[Source "ChessBase"]
[SourceDate "2021.01.31"]
[SourceVersion "1"]
[SourceVersionDate "2021.01.31"]
[SourceQuality "1"]

1. c4 e6 2. g3 d5 3. cxd5 exd5 4. Nf3 Nf6 5. Bg2 c6 6. 0-0 Bg4 7. h3 Bxf3 8. Bxf3 Be7 9. Nc3 0-0 10. Qb3 Qb6 11. Qxb6 axb6 12. d3 Nbd7 13. Bg2 Rfe8 14. e4 dxe4 15. dxe4 Ne5 16. Rd1 Rad8 17. Be3 Nc4 18. Bf4 Nxb2 19. Rdb1 Nc4 20. Bc7 Rd3 21. Ne2 Bc5 22. Rc1 b5 23. a4 Rd2 24. axb5 cxb5 25. Kf1 Nxe4 26. Bxe4 Rxe4 27. Ra8+ Bf8 28. Nc3 Red4 29. Kg2 h5 30. Nxb5 Rd7 31. Rxc4 R2d5 32. Nc3 Rd3 33. Ba5 h4 34. Bb4 1-0

[Event "Titled Tuesday intern op 27th Oct"]
[Site "Chess.com INT"]
[Date "2020.10.27"]
[Round "4"]
[White "Ellenbogen, Michael J"]
[Black "Playa, Marcelo"]
[Result "0-1"]
[WhiteElo "2019"]
[BlackElo "2376"]
[PlyCount "98"]
[EventDate "2020.10.27"]
[EventType "swiss (blitz)"]
[EventRounds "11"]
[EventCountry "USA"]
[SourceTitle "CBM 199 Extra"]
[Source "ChessBase"]
[SourceDate "2021.01.31"]
[SourceVersion "1"]
[SourceVersionDate "2021.01.31"]
[SourceQuality "1"]

1. c4 e6 2. g3 Nf6 3. Bg2 d5 4. cxd5 exd5 5. Nf3 Bd6 6. 0-0 0-0 7. d3 Re8 8. Nc3 c6 9. Bd2 Bg4 10. h3 Bh5 11. a3 Nbd7 12. b4 Ne5 13. Nxe5 Bxe5 14. Re1 Qd7 15. Rc1 Rad8 16. a4 Bb8 17. b5 c5 18. Bg5 Qe6 19. Bxf6 gxf6 20. g4 Bg6 21. Nxd5 Rxd5 22. Bxd5 Qxd5 23. Qd2 Qd6 24. f4 Qxf4 25. Qxf4 Bxf4 26. Rc4 Be3+ 27. Kg2 f5 28. Rf1 fxg4 29. hxg4 Kg7 30. Rf3 f6 31. a5 Bf7 32. Re4 Rxe4 33. dxe4 Bd4 34. Rd3 Be6 35. e3 Be5 36. Kf3 c4 37. Rd1 c3 38. Rc1 Bb3 39. Ke2 c2 40. Kd2 Bb2 41. Rxc2 Bxc2 42. Kxc2 Be5 43. Kd3 Bc7 44. a6 bxa6 45. bxa6 Kg6 46. Ke2 Kg5 47. Kf3 Bb6 48. Kg3 Bxe3 49. Kf3 Bf4 0-1

[Event "Titled Tuesday intern op 27th Oct"]
[Site "Chess.com INT"]
[Date "2020.10.27"]
[Round "1"]
[White "Sychev, Klementy"]
[Black "Ellenbogen, Michael J"]
[Result "1-0"]
[WhiteElo "2572"]
[BlackElo "2019"]
[PlyCount "69"]
[EventDate "2020.10.27"]
[EventType "swiss (blitz)"]
[EventRounds "11"]
[EventCountry "USA"]
[SourceTitle "CBM 199 Extra"]
[Source "ChessBase"]
[SourceDate "2021.01.31"]
[SourceVersion "1"]
[SourceVersionDate "2021.01.31"]
[SourceQuality "1"]

1. e4 e6 2. h4 d5 3. h5 dxe4 4. Nc3 Nf6 5. h6 gxh6 6. d3 exd3 7. Bxd3 Nc6 8. Bxh6 Bd7 9. Bg5 h6 10. Qd2 Bg7 11. Bf4 e5 12. Be3 Qe7 13. 0-0-0 0-0-0 14. Nge2 Ng4 15. Kb1 f5 16. Nd5 Qd6 17. f3 Nxe3 18. Nxe3 Be6 19. Nxf5 Qd5 20. Nc3 Qd7 21. Nxg7 Qxg7 22. Qf2 Kb8 23. Rh2 Nd4 24. Rdh1 Rd6 25. Qe3 Bf7 26. Ne4 Rb6 27. c3 Ne6 28. Rxh6 Rxh6 29. Qxh6 Qxg2 30. Qh8+ Bg8 31. Bc2 a6 32. Nf6 Nf8 33. Nxg8 Ka7 34. Ne7 Nd7 35. Nc8+ 1-0

[Event "New York State-ch 138th"]
[Site "Colonie"]
[Date "2016.09.04"]
[Round "4"]
[White "Ellenbogen, Michael J"]
[Black "Adamec, Carl"]
[Result "1-0"]
[WhiteElo "2185"]
[BlackElo "2000"]
[PlyCount "43"]
[EventDate "2016.09.02"]
[EventType "swiss"]
[EventRounds "6"]
[EventCountry "USA"]
[SourceTitle "CBM 174 Extra"]
[Source "ChessBase"]
[SourceDate "2016.10.10"]
[SourceVersion "1"]
[SourceVersionDate "2016.10.10"]
[SourceQuality "1"]

1. c4 Nf6 2. g3 d5 3. cxd5 Qxd5 4. Nf3 Bf5 5. Bg2 Bxb1 6. Rxb1 Qxa2 7. Ne5 Nbd7 8. Nxd7 Qxb1 9. Bxb7 Rd8 10. Nxf6+ exf6 11. Qa4+ Ke7 12. 0-0 Qf5 13. b3 c5 14. Ba3 Qe5 15. Qc6 Rd6 16. Bxc5 f5 17. d4 Qf6 18. Qc7+ Ke6 19. Bc8+ Kd5 20. Bxd6 Bxd6 21. Qc4+ Ke4 22. Bb7# 1-0

[Event "New York State-ch 132nd"]
[Site "Colonie"]
[Date "2010.09.04"]
[Round "2"]
[White "Ellenbogen, Michael J"]
[Black "Treger, Effim"]
[Result "1/2-1/2"]
[WhiteElo "2119"]
[BlackElo "2194"]
[PlyCount "31"]
[EventDate "2010.09.03"]
[EventType "swiss"]
[EventRounds "6"]
[EventCountry "USA"]
[SourceTitle "CBM 138 Extra"]
[Source "ChessBase"]
[SourceDate "2010.10.29"]
[SourceVersion "1"]
[SourceVersionDate "2010.10.29"]
[SourceQuality "1"]

1. c4 e5 2. g3 h5 3. Nc3 Nf6 4. Nf3 e4 5. Ng5 h4 6. Bg2 Ng4 7. Ngxe4 hxg3 8. Nxg3 Rxh2 9. Rxh2 Nxh2 10. Qc2 Qh4 11. Nd5 Na6 12. Nf5 Qg4 13. Nfe3 Qh4 14. Nf5 Qg4 15. Nde3 Qf4 16. Nd5 1/2-1/2

[Event "Las Vegas National op"]
[Site "Las Vegas"]
[Date "2009.06.05"]
[Round "1"]
[White "Ellenbogen, Michael J"]
[Black "Cummings, David H"]
[Result "1-0"]
[WhiteElo "2145"]
[BlackElo "2369"]
[PlyCount "129"]
[EventDate "2009.06.05"]
[EventType "swiss"]
[EventRounds "6"]
[EventCountry "USA"]
[SourceTitle "CBM 130 Extra"]
[Source "ChessBase"]
[SourceDate "2009.07.02"]
[SourceVersion "2"]
[SourceVersionDate "2009.07.15"]
[SourceQuality "1"]

1. c4 Nf6 2. Nc3 c5 3. Nf3 b6 4. g3 Bb7 5. Bg2 g6 6. d4 cxd4 7. Qxd4 Bg7 8. 0-0 Nc6 9. Qh4 h6 10. Qf4 d6 11. b3 g5 12. Qf5 Qd7 13. Qb1 0-0-0 14. Bb2 Ng4 15. a4 Kb8 16. b4 Nd4 17. a5 Nxf3+ 18. exf3 Ne5 19. axb6 axb6 20. Qa2 Nxf3+ 21. Bxf3 Bxf3 22. Nd5 Qb7 23. Bxg7 Rhg8 24. Bd4 e6 25. Ne3 f5 26. Qa6 f4 27. Nc2 e5 28. Bxb6 Rd7 29. b5 Rc8 30. Ra4 Qxa6 31. bxa6 Be2 32. Rc1 d5 33. Na3 d4 34. c5 d3 35. Nc4 d2 36. Nxd2 Rxd2 37. c6 Rb2 38. c7+ Ka8 39. Ba5 e4 40. Rxe4 Bxa6 41. Re6 Kb7 42. Rxh6 Rb5 43. Ra1 Re8 44. gxf4 gxf4 45. Rg6 f3 46. Bd2 Rb2 47. Bf4 Rb6 48. Rxb6+ Kxb6 49. Rb1+ Kc6 50. h4 Rg8+ 51. Bg3 Bc8 52. Rd1 Rg7 53. Rd8 Kb7 54. Rf8 Rd7 55. Rxf3 Ka7 56. Ra3+ Kb6 57. Rb3+ Ka7 58. Rb8 Bb7 59. Be5 Rd1+ 60. Kh2 Rc1 61. Kg3 Ka6 62. h5 Rc5 63. Kf4 Rc2 64. Ke3 Rc5 65. f4 1-0